POP materiály z jemného plechu

Návrat obalov z jemného plechu. Dózy na potraviny - káva, čaj, kakao atď. Dózy na luxusný tovar. Balenie CD do hranatých alebo guľatých obalov z plechu.

Salvato in:
Dettagli Bibliografici
Autore principale: Ecksteinová, Alice
Natura: Capitolo di libro
Lingua:slovacco
Soggetti:
Tags: Aggiungi Tag
Nessun Tag, puoi essere il primo ad aggiungerne!!

MARC

LEADER 00000naa a2200000 4500
001 r044199
005 20231002114531.7
041 0 |a slo 
044 |a SK 
245 1 0 |a POP materiály z jemného plechu  |c Alice Ecksteinová 
520 |a Návrat obalov z jemného plechu. Dózy na potraviny - káva, čaj, kakao atď. Dózy na luxusný tovar. Balenie CD do hranatých alebo guľatých obalov z plechu. 
610 2 0 |a obaly 
610 2 0 |a technika obalová 
610 2 0 |a potraviny 
610 2 0 |a pochutiny 
610 2 0 |a materiály nové 
100 1 |a Ecksteinová, Alice